00862nam a2200241Ia 4500001000600000003000900006008004100015040001300056040001300069041001300082100001900095100002800114245005500142245001200197250001100209260001100220260002400231260004900255300005400304500020300358650002800561650003100589 1424IT-RoPAU130308s9999 xx 000 0 und d aIT-RoPAU cIT-RoPAU aITALIANO aVolpi Domenico gCodice Aut. SPICS: 584 aRoma e Gerusalemme: un grande momento della storia bBen Hur a1a ed. aMILANO bEp/Gruppo Periodici c1976 [1° Ed.:1976 - Ed.Ling.Originale:1976] a"7 p. (prefazione: no ; testo: 7 [pagine: 7-13])" aIntroduzione Ai Due Fumetti del Volume romani e gli Schiavi Navi di Roma Gare del circo Lebbra e Lebbrosi la Thora Sadducei Farisei Zeloti Samaritanipersonaggi storici e luoghi Ricordati Dai Fumetti aAUTORI/OPERE DI FUMETTO eCodice materia Spics: 6707